000 00623nab a2200181 4500
001 244442
003 OSt
005 20241118095600.0
007 tu
008 200917s2020|||||||
040 _aDE-2950
_cDE-2950
245 0 0 _aDiscofox-WM in der Messehalle
_bTanzsport. Frankfurt wird am Wochenende zur Bühne für die WM 2024 in dem populären Paartanz. Für das Event wurden bereits mehrere Hundert Karten verkauft/
_cSelim Pekel
264 _c2024
653 _aFrankfurt (Oder)
653 _aDiscofox-WM
773 0 _g35. Jahrgang (2024) Nr. 258 vom 05.11.2024, S. 15 mit Foto
_tMärkische Oderzeitung
942 _2z
_cA
999 _c373449
_d373449